Introducción a la integral de Lebesgue en la recta /

Guardado en:
Autor Principal: Gatica, Juan Antonio.
Formato: Libro
Idioma:Spanish
Publicado: Washington : Programa Regional de Desarrollo Científico y Tecnológico, Departamento de Asuntos Científicos, Secretaría General de la Organización de los Estados Americanos, 1977.
Series:Colección de monografías científicas. Serie de matemática ; monografía no. 18.
Materias:
Etiquetas: Agregar Etiqueta
Sin Etiquetas, Sea el primero en etiquetar este registro!
LEADER 00978cam a2200241 a 4500
001 MAT.inmabb006321
008 771103s1977####dcu######b###i000#0#spa##
005 20100428150956.0
245 1 0 |a Introducción a la integral de Lebesgue en la recta /  |c por Juan Antonio Gatica. 
260 |a Washington :  |b Programa Regional de Desarrollo Científico y Tecnológico, Departamento de Asuntos Científicos, Secretaría General de la Organización de los Estados Americanos,  |c 1977. 
300 |a 102 p. ;  |c 23 cm. 
490 1 |a Serie de matemática ; monografía no. 18 
504 |a Incluye referencias bibliográficas. 
510 4 |a MR,  |c *REVIEW #* 
020 |c $2.00 
100 1 |a Gatica, Juan Antonio. 
830 0 |a Colección de monografías científicas.  |p Serie de matemática ;  |v monografía no. 18. 
650 0 |a Lebesgue integral. 
650 0 |a Riemann integral. 
084 |a *CODIGO*  |2 MR 
010 |a  77559985  
040 |a DLC  |c DLC  |d DLC 
859 |i M-18  |p OEA-M-18  |b BIB. MATEMATICA